000 00682nam a2200253Ia 4500
003 OSt
005 20220918222006.0
006 a|||||r|||| 00| 0
007 ta
008 220917b |||||||| |||| 00| 0 eng d
024 _a214,193
037 _cTextual
040 _aARTS
_cARTS
_beng
041 _2eng
_aeng
082 _aNW, P0
100 _aStam Robert Ed.
245 0 _aFilm and theory
_b An anthology
260 _aUSA
_bBlackwell publishers
_c2000
300 _axviii, 862 p
_ccm.
650 _aMOTION PICTURES; ARTS
_94029
700 _a Miller Toby Ed.
942 _hNW, P0
_cTEXL
_2CC
999 _c274222
_d274222